Examen de la personalidad en los candidatos al sacerdocio (Record no. 32896)

MARC details
000 -LEADER
campo de control de longitud fija 00894nam a2200205 i 4500
001 - NÚMERO DE CONTROL
campo de control 32896
003 - IDENTIFICADOR DE NÚMERO DE CONTROL
campo de control ES-MaACL
005 - FECHA Y HORA DE LA ÚLTIMA TRANSACCIÓN
campo de control 20230906154646.0
007 - CAMPO FIJO DE DESCRIPCIÓN FÍSICA--INFORMACIÓN GENERAL
campo de control de longitud fija t|
008 - DATOS DE LONGITUD FIJA--INFORMACIÓN GENERAL
campo de control de longitud fija 030131s1966 sp ||||1| spa d
100 1# - ENTRADA PRINCIPAL--NOMBRE DE PERSONA
Nombre de persona Benkoe, Antoine.
9 (RLIN) 27714
245 10 - MENCIÓN DEL TÍTULO
Título Examen de la personalidad en los candidatos al sacerdocio
Resto del título : estudio empírico realizado en España sobre los factores de predicción del éxito psicológico en los candidatos al sacerdocio /
Mención de responsabilidad, etc. Antoine Benkoe, Joseph Nuttin ; con una segunda parte original de Sabino Ayestarán ; [traducción por Adrian Varela Morante y Leonardo S. Higueras].
260 ## - PUBLICACIÓN, DISTRIBUCIÓN, ETC.
Lugar de publicación, distribución, etc. Madrid :
Nombre del editor, distribuidor, etc. Razón y Fé,
Fecha de publicación, distribución, etc. 1966.
300 ## - DESCRIPCIÓN FÍSICA
Extensión 271 p. ;
Dimensiones 21 cm.
700 1# - ENTRADA AGREGADA--NOMBRE PERSONAL
Nombre de persona Nuttin, Joseph.
9 (RLIN) 86254
700 1# - ENTRADA AGREGADA--NOMBRE PERSONAL
Nombre de persona Ayestarán, Sabino.
9 (RLIN) 24156
700 1# - ENTRADA AGREGADA--NOMBRE PERSONAL
Nombre de persona Varela Morante, Adrian.
9 (RLIN) 113166
700 1# - ENTRADA AGREGADA--NOMBRE PERSONAL
Nombre de persona Higueras, Leonardo S.
9 (RLIN) 63653
852 ## - LOCALIZACIÓN
Ubicación ES-MaACL
Número de control de estantería C-31808
Sublocalización o colección R.62310
Holdings
Estatus retirado Estado de pérdida Estado de daño No para préstamo Biblioteca de origen Biblioteca actual Ubicación en estantería Fecha de adquisición Fuente de adquisición Total de préstamos Signatura topográfica completa Código de barras Visto por última vez Precio de reemplazo Tipo de ítem Koha
        Biblioteca del Ateneo de Madrid Biblioteca del Ateneo de Madrid Depósito 2 17/01/2008     C-31808 1034157 23/02/2023 23/02/2023 Libro impreso